00930nam a22002652 450000500170000000800340001701000140005102000260006502000230009103500130011403700150012704000180014208200080016024500950016826000410026330000270030450000200033160000370035165000400038865000410042870000160046994200220048599900170050795201400052420070419102910.0820323s1923 enk 000 0 eng  aENG-91959 a9788174875778c350.00 a8174875778c350.00 aEN-75492 bDBAD / PUB adplbEnglish  a921 aRadhakamal Mukerjee:ban eminent scholar, saint and social worker /cedited by G.R. Madan  aNew Delhi bRadha Publicationsc2008 axx, 231p. c22 cm (Hb) aIncludes index  aMukherjee, Radhakamal, 1889-1968 aSocial reformerszIndiaxBiography. aSocial scientistszIndiaxBiography. aMadan, G.R. 2ddccENmMUKh921 c19384d19384 00102ddc40718NFICaDBADbDBADd2008-12-02eDBAD / PUBg350.00l0o921 MUKpEN-75492r2008-12-02 00:00:00t1v350.00w2008-12-02yEN